Canary Wharf Investments (Three) v Telegraph Group Ltd (Record no. 73889)
[ view plain ]
| 000 -LEADER | |
|---|---|
| fixed length control field | 01303cam a2200205 4500 |
| 001 - CONTROL NUMBER | |
| control field | ABS67266 |
| 008 - FIXED-LENGTH DATA ELEMENTS--GENERAL INFORMATION | |
| fixed length control field | 031128n2003 000 0 eng u |
| 035 ## - SYSTEM CONTROL NUMBER | |
| System control number | (Sirsi) u124511 |
| 245 ## - TITLE STATEMENT | |
| Title | Canary Wharf Investments (Three) v Telegraph Group Ltd |
| 260 ## - PUBLICATION, DISTRIBUTION, ETC. | |
| Date of publication, distribution, etc. | 2003 |
| 490 ## - SERIES STATEMENT | |
| Series statement | Estates Gazette |
| Volume/sequential designation | [2003] 46 EG 132-136(4) |
| 520 ## - SUMMARY, ETC. | |
| Summary, etc. | [2003] EWHC 1575 (Ch), 25 June 2003. Defendant tenant (T) held a 25-year underlease of office premises and ancillary car parking areas from claimant landlord (C). There was a dispute between T and C over the hypothetical 25 year term for rent review purposes. C contended that the actual 25 year term ran from 1 April 1992 and the hypothetical terms would have a similar commencement date. T contended the hypothetical term meant 25 years from the notional grant, that is the relevant review date of 1 April 2002. Held that the hypothetical term commenced on 1 April 2002 in accordance with para 1.3 of the underlease, the term referred to ran from the date of the relevant rent review. Permission to appeal granted. |
| 590 ## - LOCAL NOTE (RLIN) | |
| Local note | ABS |
| 650 ## - SUBJECT ADDED ENTRY--TOPICAL TERM | |
| Topical term or geographic name entry element | CANARY WHARF INVESTMENTS V TELEGRAPH GROUP LTD |
| 650 ## - SUBJECT ADDED ENTRY--TOPICAL TERM | |
| Topical term or geographic name entry element | RENT REVIEWS |
| 650 ## - SUBJECT ADDED ENTRY--TOPICAL TERM | |
| Topical term or geographic name entry element | HYPOTHETICAL LEASES |
| 650 ## - SUBJECT ADDED ENTRY--TOPICAL TERM | |
| Topical term or geographic name entry element | 25 YEAR LEASE |
| 690 ## - LOCAL SUBJECT ADDED ENTRY--TOPICAL TERM (OCLC, RLIN) | |
| Topical term or geographic name as entry element | LANDLORD AND TENANT-BUSINESS TENANCIES-CASE LAW |
| 942 ## - ADDED ENTRY ELEMENTS (KOHA) | |
| Suppress in OPAC | 0 |
| Withdrawn status | Lost status | Source of classification or shelving scheme | Damaged status | Not for loan | Home library | Current library | Shelving location | Date acquired | Total Checkouts | Full call number | Barcode | Date last seen | Copy number | Price effective from | Koha item type |
|---|---|---|---|---|---|---|---|---|---|---|---|---|---|---|---|
| Dewey Decimal Classification | London | London | Journal article | 28/11/2003 | ABS67266 | 124511-1001 | 06/08/2019 | 1 | 06/08/2019 | Law report |